[Event "OPEN DE GROS"]
[Site "?"]
[Date "2017.06.24"]
[Round "2.1"]
[White "Pena Duarte, Fabian Dario"]
[Black "Andres Gonzalez, Alberto"]
[Result "0-1"]
[WhiteElo "2226"]
[BlackElo "2518"]
[LiveChessVersion "1.4.8"]

1. d4 Nf6 2. c4 e6 3. Nc3 Bb4 4. f3 d5 5. a3 Bxc3+ 6. bxc3 c5 7. cxd5 exd5
8. Bg5 h6 9. Bh4 O-O 10. e3 Nc6 11. Bd3 Re8 12. Kf2 cxd4 13. cxd4 Ng4+ 14.
fxg4 Qxh4+ 15. g3 Qg5 16. Qf3 Bxg4 17. Qf4 Qe7 18. Bb5 Qd7 19. Kg2 Re4 20.
Qf2 Rae8 21. h3 Bh5 22. g4 Bg6 23. Nf3 Rxe3 24. Rhc1 Qd6 25. Bxc6 bxc6 26.
Ne5 R8xe5 27. dxe5 Qxe5 28. Re1 Be4+ 29. Kf1 Rxh3 0-1

[Event "OPEN DE GROS"]
[Site "?"]
[Date "2017.06.24"]
[Round "2.2"]
[White "Oratovsky, Michael"]
[Black "Gavasheli, Ana"]
[Result "1-0"]
[WhiteElo "2501"]
[BlackElo "2227"]
[LiveChessVersion "1.4.8"]

1. e4 c6 2. d4 d5 3. Nd2 dxe4 4. Nxe4 Bf5 5. Ng3 Bg6 6. Nh3 e6 7. Nf4 Qh4
8. Nge2 Nd7 9. g3 Qf6 10. Bg2 Bd6 11. O-O Ne7 12. Nxg6 Nxg6 13. Nc3 Qe7 14.
Ne4 Bc7 15. c4 O-O-O 16. Qa4 Kb8 17. b4 Nb6 18. Qb3 Rxd4 19. Be3 Rdd8 20.
b5 cxb5 21. Qxb5 Qd7 22. Qb3 Qd3 23. Nc5 Qxc4 24. Qb1 Rd5 25. Rc1 Qe2 26.
Bxd5 exd5 27. a4 d4 28. Qe4 1-0

[Event "OPEN DE GROS"]
[Site "?"]
[Date "2017.06.24"]
[Round "2.4"]
[White "Stany, G.A."]
[Black "Munoz Avila, Jose Luis"]
[Result "1-0"]
[WhiteElo "2489"]
[BlackElo "2176"]
[LiveChessVersion "1.4.8"]

1. e4 e5 2. Nf3 d6 3. d4 exd4 4. Qxd4 Nf6 5. Nc3 Be7 6. Bg5 O-O 7. O-O-O
Nbd7 8. Kb1 c6 9. e5 dxe5 10. Nxe5 Qc7 11. Nxd7 Bxd7 12. Bxf6 Bxf6 13. Qxd7
Qb6 14. Qh3 Rfe8 15. Bd3 g6 16. Bc4 Rad8 17. Qf3 Kg7 18. Bb3 Rxd1+ 19. Rxd1
Re7 20. a3 Qa5 21. Ne4 Be5 22. Nd6 Bf6 23. Nxf7 Re1 24. Ka2 Rxd1 25. Qxd1
1-0

[Event "OPEN DE GROS"]
[Site "?"]
[Date "2017.06.24"]
[Round "2.5"]
[White "Buiza Prieto, Eihartze"]
[Black "Anurag, Mhamal"]
[Result "0-1"]
[WhiteElo "2130"]
[BlackElo "2466"]
[LiveChessVersion "1.4.8"]

1. e4 e5 2. Nf3 Nc6 3. Bb5 a6 4. Ba4 Nf6 5. O-O Be7 6. Re1 b5 7. Bb3 d6 8.
c3 O-O 9. h3 Nb8 10. a4 Bb7 11. Bc2 Nbd7 12. d4 Re8 13. Nbd2 Bf8 14. b3 d5
15. dxe5 Nxe5 16. Nxe5 Rxe5 17. f4 Re8 18. e5 Nd7 19. Nf3 g6 20. f5 Bg7 21.
Bf4 Nc5 22. b4 Ne4 23. f6 Bf8 24. Bxe4 dxe4 25. Ng5 Qxd1 26. Raxd1 h6 27.
Nxe4 g5 28. Bg3 bxa4 29. Nd2 Bd5 30. Ra1 a5 31. b5 a3 32. Nb1 a2 33. Nd2
Red8 34. Re2 Be6 35. c4 a4 36. Rxa2 a3 37. Be1 Rd3 38. Re4 Bc5+ 39. Kh2 Ra4
40. h4 Be3 41. Nb1 Bf5 42. Rxe3 Rxe3 0-1

[Event "OPEN DE GROS"]
[Site "?"]
[Date "2017.06.24"]
[Round "2.6"]
[White "Flear, Glenn C"]
[Black "Moreno Estebanez, Patxi"]
[Result "1-0"]
[WhiteElo "2455"]
[BlackElo "2134"]
[LiveChessVersion "1.4.8"]

1. d4 Nf6 2. c4 g6 3. Nc3 Bg7 4. e4 d6 5. Be2 O-O 6. Bg5 Na6 7. f4 c6 8.
Qd2 Nc7 9. Bf3 h6 10. Bh4 Nh7 11. Nge2 g5 12. fxg5 e5 13. Bf2 hxg5 14. h3
Ne6 15. O-O-O Qb6 16. Rhf1 Qa6 17. d5 cxd5 18. cxd5 Nf4 19. Nxf4 gxf4 20.
Kb1 Bd7 21. Be2 Qa5 22. Nb5 Qxd2 23. Rxd2 Bxb5 24. Bxb5 f5 25. exf5 Rxf5
26. Bd7 Rg5 27. Bh4 Rh5 28. Be7 Bf8 29. Bg4 Rh6 30. Bxf8 Nxf8 31. Rc2 Rh7
32. Rfc1 Re8 33. Rc8 Rxc8 34. Rxc8 Re7 35. Rd8 e4 36. Kc2 Kg7 37. Rxd6 Ng6
38. Rd8 Ne5 39. d6 Rf7 40. d7 Nc6 41. Re8 f3 42. gxf3 exf3 43. d8=Q Nxd8
44. Rxd8 f2 45. Be2 1-0

[Event "OPEN DE GROS"]
[Site "?"]
[Date "2017.06.24"]
[Round "2.8"]
[White "Romero Holmes, Alfonso"]
[Black "Martinez Fernandez, Adrian"]
[Result "1-0"]
[WhiteElo "2438"]
[BlackElo "2111"]
[LiveChessVersion "1.4.8"]

1. c4 c5 2. Nf3 g6 3. d4 cxd4 4. Nxd4 Bg7 5. Nc2 Nc6 6. e4 Nf6 7. Nc3 O-O
8. Be2 b6 9. Bg5 Bb7 10. Qd2 d6 11. O-O Qb8 12. f3 Rd8 13. Nd5 Rd7 14.
Nxf6+ exf6 15. Bh6 Bxh6 16. Qxh6 Qe8 17. Ne3 Nd4 18. Bd3 Ne6 19. Ng4 Qe7
20. Rae1 Nc5 21. Bc2 Rdd8 22. f4 Nd7 23. Ba4 Bc8 24. Bc6 Rb8 25. Re3 Nf8
26. f5 b5 27. Bd5 Kh8 28. c5 Nd7 29. c6 Nf8 30. b4 Re8 31. fxg6 Bxg4 32.
g7+ Kg8 33. gxf8=Q+ Qxf8 34. Qxf6 h5 35. Bxf7+ Kh7 36. Qg6+ Kh8 37. Bxe8
1-0

[Event "OPEN DE GROS"]
[Site "?"]
[Date "2017.06.24"]
[Round "2.9"]
[White "Lakunza Oyarbide, Juan Carlos"]
[Black "Favarel, Antoine"]
[Result "0-1"]
[WhiteElo "2068"]
[BlackElo "2386"]
[LiveChessVersion "1.4.8"]

1. d4 Nf6 2. c4 e6 3. Nf3 d5 4. g3 Nc6 5. Bg2 dxc4 6. O-O a6 7. Nc3 Rb8 8.
e4 Be7 9. d5 exd5 10. exd5 Nb4 11. Ne5 Bf5 12. a3 Nd3 13. Nxc4 Nxc1 14.
Rxc1 O-O 15. b4 Ne8 16. f4 Nd6 17. Ne5 a5 18. Qd4 axb4 19. axb4 Bd7 20.
Rfe1 Nb5 21. Qc4 Nxc3 22. Nxd7 Qxd7 23. Rxc3 Bd6 24. Bf3 Ra8 25. Kg2 Ra4
26. Rb1 Rfa8 27. h3 Qf5 28. Rb2 Qf6 29. Rcc2 g6 30. Qc3 Qf5 31. Re2 Ra3 32.
Qd4 Rd3 33. Qe4 Qxe4 34. Bxe4 Rc3 35. Rec2 Re3 36. Re2 Rxe2+ 37. Rxe2 Ra4
38. b5 Rb4 39. Bd3 Rb3 40. Rd2 Kg7 41. Kf3 f5 42. Ke3 Bc5+ 43. Ke2 Ra3 44.
Rc2 b6 45. Rd2 Kf6 46. Kf3 h6 47. Ke2 g5 48. Kf3 gxf4 49. Kxf4 Ra4+ 50. Kf3
Rd4 51. Rd1 Rxd5 52. Bc2 Re5 53. Rd3 Bd6 54. Rb3 Re1 55. Kf2 Ra1 56. Bd3
Rh1 57. Bf1 Bc5+ 58. Ke1 Rh2 59. Rf3 Ke5 60. Bd3 Rxh3 61. Bxf5 Rh2 62. Bd7
Rg2 63. Bc6 Rh2 64. Bd7 Bd4 65. Bc6 Kd6 66. Rf4 Be3 67. Rf6+ Ke5 68. Rf8
Kd4 69. Rd8+ Kc3 70. Rf8 Kd3 71. Kf1 Rb2 72. Rf7 Bc5 73. Rxc7 Rf2+ 74. Ke1
Ke3 75. Rc8 Bb4+ 76. Kd1 Rd2+ 77. Kc1 Ba3+ 78. Kb1 Rb2+ 79. Ka1 Rf2 80.
Re8+ Kd3 81. Re6 Bc5 82. Rxh6 Bd4+ 83. Kb1 Rb2+ 84. Kc1 Ra2 85. Be4+ Kxe4
86. g4 Be3+ 87. Kb1 Bxh6 0-1

[Event "OPEN DE GROS"]
[Site "?"]
[Date "2017.06.24"]
[Round "2.10"]
[White "Alonso Bouza, Julio Javier"]
[Black "Flear, Christine"]
[Result "1-0"]
[WhiteElo "2385"]
[BlackElo "2078"]
[LiveChessVersion "1.4.8"]

1. e4 c5 2. Nf3 e6 3. d4 cxd4 4. Nxd4 a6 5. c4 Nf6 6. Nc3 Qc7 7. a3 b6 8.
Be3 Bb7 9. f3 Be7 10. Be2 d6 11. O-O Nbd7 12. Qd2 Rc8 13. Rfc1 Qb8 14. b4
O-O 15. Bf1 Bd8 16. Kh1 Re8 17. Bg1 Bc7 18. Qa2 Qa8 19. Rc2 d5 20. exd5
exd5 21. b5 dxc4 22. Bxc4 Ne5 23. bxa6 Bxa6 24. Bb3 Re7 25. Ncb5 Nd3 26.
Rd1 Bxb5 27. Nxb5 Nc5 28. Bc4 Bf4 29. Re2 Rce8 30. Rxe7 Rxe7 31. Nd4 g6 32.
Nc2 Kg7 33. Qb2 Qa4 34. Bd4 Nd7 35. Bb5 Qa7 36. Bxd7 Rxd7 37. Bxf6+ Kg8 38.
Rxd7 Qxd7 39. Qd4 1-0

[Event "OPEN DE GROS"]
[Site "?"]
[Date "2017.06.24"]
[Round "2.11"]
[White "Toro, Guillermo"]
[Black "Andres Gonzalez, Ivan"]
[Result "1/2-1/2"]
[WhiteElo "2060"]
[BlackElo "2375"]
[LiveChessVersion "1.4.8"]

1. Nf3 Nf6 2. c4 g6 3. g3 Bg7 4. Bg2 O-O 5. Nc3 d5 6. cxd5 Nxd5 7. O-O Nc6
8. d4 Nb6 9. d5 Na5 10. e4 c6 11. dxc6 Nxc6 12. Qe2 Bg4 13. Be3 Ne5 14. h3
Nxf3+ 15. Bxf3 Be6 16. Rfd1 Qe8 17. Bg2 Bc4 18. Qc2 Rc8 19. Bd4 e5 20. Be3
Qe7 21. b3 Be6 22. Qb2 Qb4 23. Bxb6 Rxc3 24. Be3 Rc6 25. Rac1 Rxc1 26. Rxc1
Rd8 27. Qc2 Bf8 28. Qc3 Rd1+ 29. Kh2 Rxc1 30. Qxc1 a5 31. Bd2 Qb6 32. Be3
Qb4 33. Bd2 Qb6 34. Be3 1/2-1/2

[Event "OPEN DE GROS"]
[Site "?"]
[Date "2017.06.24"]
[Round "2.12"]
[White "Etchegaray, Patrice"]
[Black "Abalia Patino, Aritz"]
[Result "1-0"]
[WhiteElo "2359"]
[BlackElo "2061"]
[LiveChessVersion "1.4.8"]

1. e4 c5 2. d4 cxd4 3. c3 dxc3 4. Nxc3 Nc6 5. Nf3 d6 6. Bc4 Nf6 7. e5 dxe5
8. Qxd8+ Kxd8 9. Ng5 Na5 10. Bb5 Be6 11. Nxe6+ fxe6 12. Be3 a6 13. Bb6+ Kc8
14. Rd1 Nc6 15. Bc4 Nd4 16. O-O g6 17. f4 Nd7 18. Na4 Bh6 19. fxe5 Be3+ 20.
Kh1 Nxe5 21. Bxd4 Nxc4 22. Bxh8 1-0

[Event "OPEN DE GROS"]
[Site "?"]
[Date "2017.06.25"]
[Round "3.1"]
[White "Andres Gonzalez, Alberto"]
[Black "Alonso Bouza, Julio Javier"]
[Result "1-0"]
[WhiteElo "2518"]
[BlackElo "2385"]
[LiveChessVersion "1.4.8"]

1. Nf3 Nf6 2. c4 g6 3. Nc3 Bg7 4. g3 O-O 5. Bg2 d6 6. O-O Nbd7 7. d3 e5 8.
Rb1 h6 9. b4 Ne8 10. e4 a5 11. a3 c6 12. Nh4 Nc7 13. Bh3 Kh7 14. Kh1 axb4
15. axb4 b5 16. Be3 Bb7 17. Bg2 Bf6 18. Nf3 Bg7 19. Nd2 Ra3 20. Nb3 Qa8 21.
Bc1 Ra6 22. Na5 Rxa5 23. bxa5 Qxa5 24. Bd2 Qa6 25. Be3 Nc5 26. cxb5 cxb5
27. d4 N5e6 28. d5 Nd4 29. Ne2 Qb6 30. Qd2 Ra8 31. f4 f5 32. fxe5 dxe5 33.
exf5 Nxd5 34. fxg6+ Kg8 35. Bxh6 Qxg6 36. Bxg7 Qxg7 37. Nxd4 exd4 38. Rxb5
1-0

[Event "OPEN DE GROS"]
[Site "?"]
[Date "2017.06.25"]
[Round "3.2"]
[White "Favarel, Antoine"]
[Black "Oratovsky, Michael"]
[Result "1/2-1/2"]
[WhiteElo "2386"]
[BlackElo "2501"]
[LiveChessVersion "1.4.8"]

1. d4 d6 2. Nf3 g6 3. g3 Bg7 4. c4 Nf6 5. Nc3 O-O 6. Bg2 Nbd7 7. O-O e5 8.
b3 Re8 9. e4 c6 10. h3 a6 11. Re1 b5 12. d5 bxc4 13. dxc6 Nb8 14. bxc4 Nxc6
15. Nd5 Nxd5 16. cxd5 Nd4 17. Nxd4 exd4 18. Bb2 Qb6 19. Rb1 Bd7 20. Ba1 Qc5
1/2-1/2

[Event "OPEN DE GROS"]
[Site "?"]
[Date "2017.06.25"]
[Round "3.3"]
[White "Martinez Duany, Lelys Stanley"]
[Black "Etchegaray, Patrice"]
[Result "1/2-1/2"]
[WhiteElo "2494"]
[BlackElo "2359"]
[LiveChessVersion "1.4.8"]

1. Nf3 Nf6 2. c4 g6 3. g3 Bg7 4. Bg2 O-O 5. O-O d6 6. d4 Nc6 7. Nc3 Bf5 8.
b3 e5 9. Bb2 exd4 10. Nb5 Be4 11. Nbxd4 Nxd4 12. Qxd4 Re8 13. Rfe1 c5 14.
Qc3 d5 15. cxd5 Qxd5 16. Rad1 Qc6 17. Qc1 Rad8 18. Ne5 Qc7 19. Rxd8 Rxd8
20. f3 Bf5 21. e4 Be6 22. Nc4 b5 23. Be5 Qc6 24. Ne3 c4 25. bxc4 bxc4 26.
Qb2 Qb6 27. Bf1 Qxb2 28. Bxb2 Rd2 29. Re2 Rxe2 30. Bxe2 c3 1/2-1/2

[Event "OPEN DE GROS"]
[Site "?"]
[Date "2017.06.25"]
[Round "3.4"]
[White "Del Rey, Diego"]
[Black "Stany, G.A."]
[Result "0-1"]
[WhiteElo "2349"]
[BlackElo "2489"]
[LiveChessVersion "1.4.8"]

1. e4 c5 2. Nf3 e6 3. d3 Nc6 4. g3 Nge7 5. Bg2 g6 6. O-O Bg7 7. Re1 O-O 8.
e5 d6 9. exd6 Nf5 10. Nc3 Qxd6 11. Nd2 b6 12. Nc4 Qd7 13. a4 Bb7 14. Ne4
Rad8 15. Bg5 f6 16. Bd2 Qc7 17. f4 Rfe8 18. Rc1 Kh8 19. Qe2 Nfd4 20. Qf2 f5
21. Ng5 h6 22. Nf3 Nxf3+ 23. Bxf3 Kh7 24. Qg2 a6 25. Bc3 b5 26. axb5 axb5
27. Bxg7 Kxg7 28. Ne5 Nxe5 29. Bxb7 Ng4 30. h3 Nf6 31. Bc6 Re7 32. Bxb5 e5
33. Qc6 exf4 34. gxf4 Nd5 35. Qxc7 Rxc7 36. Rf1 Rb7 37. Ba4 Rb4 38. Bb3
Nxf4 39. Kh2 Nxd3 40. Rcd1 c4 41. Bxc4 Rxc4 42. Rd2 Rcd4 43. cxd3 Rxd3 44.
Rxd3 Rxd3 0-1

[Event "OPEN DE GROS"]
[Site "?"]
[Date "2017.06.25"]
[Round "3.5"]
[White "Anurag, Mhamal"]
[Black "Diaz Velandia, Jose Manuel"]
[Result "1-0"]
[WhiteElo "2466"]
[BlackElo "2345"]
[LiveChessVersion "1.4.8"]

1. Nf3 c5 2. g3 Nc6 3. c4 g6 4. Bg2 e5 5. Nc3 d6 6. a3 Bg7 7. O-O Nge7 8.
b4 Be6 9. Ng5 Bxc4 10. d3 Be6 11. bxc5 d5 12. e4 Nd4 13. exd5 Bxd5 14. Nxd5
Nxd5 15. Qa4+ Kf8 16. Qc4 h6 17. Nxf7 Kxf7 18. Bxd5+ Ke7 19. Re1 Kf8 20.
Bxb7 Rb8 21. Be4 Qf6 22. c6 Rc8 23. a4 Nxc6 24. Ba3+ Ke8 25. Rac1 1-0

[Event "OPEN DE GROS"]
[Site "?"]
[Date "2017.06.25"]
[Round "3.6"]
[White "Philippe, Guillaume"]
[Black "Flear, Glenn C"]
[Result "1/2-1/2"]
[WhiteElo "2342"]
[BlackElo "2455"]
[LiveChessVersion "1.4.8"]

1. Nf3 d5 2. e3 Nf6 3. c4 e6 4. b3 Be7 5. Bb2 O-O 6. Nc3 dxc4 7. bxc4 c5 8.
Be2 b6 9. O-O Bb7 10. Qc2 Nc6 11. Rac1 Rc8 12. Rfd1 Qc7 13. Ng5 h6 14. Nb5
Qb8 15. Bxf6 hxg5 16. Bxe7 Nxe7 17. Bd3 Rfd8 18. Be4 Rd7 19. Bxb7 Qxb7 20.
Nc3 g4 21. Qe4 Qxe4 22. Nxe4 Rcd8 23. Rc2 Nc6 24. Kf1 Kf8 25. Ke2 Nb4 26.
Rb2 Ke7 27. Rh1 f5 28. Ng5 Nd3 29. Rc2 Nb4 30. Rb2 Nd3 31. Rc2 Kf6 32. h4
e5 33. a4 Nb4 34. Rb2 Nc6 35. Rc2 Na5 36. Rd1 Rh8 37. g3 e4 38. d4 cxd4 39.
exd4 Rc8 40. c5 Nb3 41. c6 Rxd4 42. c7 Rxd1 43. Rc6+ Ke5 44. Kxd1 Kd5
1/2-1/2

[Event "OPEN DE GROS"]
[Site "?"]
[Date "2017.06.25"]
[Round "3.7"]
[White "Velten, Paul"]
[Black "Tsatsalashvili, Keti"]
[Result "1-0"]
[WhiteElo "2449"]
[BlackElo "2248"]
[LiveChessVersion "1.4.8"]

1. Nf3 d5 2. d3 c5 3. Nbd2 Nc6 4. e4 d4 5. Be2 Nf6 6. O-O e5 7. Nc4 Nd7 8.
a4 Be7 9. c3 O-O 10. Bd2 Re8 11. Qb3 h6 12. h3 Bf8 13. Rfb1 Nb6 14. Nxb6
axb6 15. Rf1 c4 16. Qc2 cxd3 17. Bxd3 Qf6 18. Nh2 dxc3 19. bxc3 Bc5 20. Kh1
g5 21. Bc4 Ne7 22. Be3 Ng6 23. a5 Nf4 24. Qb2 Qg6 25. Qb5 Rf8 26. axb6 Rxa1
27. Rxa1 Bxe3 28. fxe3 Nxg2 29. Kxg2 Qxe4+ 30. Kf2 Qh4+ 31. Ke2 Qe4 32. Qd5
Qc2+ 33. Qd2 Qg6 34. Ng4 Bxg4+ 35. hxg4 Qe4 36. Bd5 Qxg4+ 37. Bf3 Qe6 38.
Bxb7 Qxb6 39. Bd5 Kg7 40. c4 Qg6 41. c5 Qh5+ 42. Kd3 Rd8 43. Kc4 Qg4+ 44.
e4 f5 45. Ra7+ Kh8 46. Qh2 Rxd5 47. Qxh6+ 1-0

[Event "OPEN DE GROS"]
[Site "?"]
[Date "2017.06.25"]
[Round "3.8"]
[White "Prieto Aranguren, Alain"]
[Black "Romero Holmes, Alfonso"]
[Result "1/2-1/2"]
[WhiteElo "2266"]
[BlackElo "2438"]
[LiveChessVersion "1.4.8"]

1. d4 Nf6 2. c4 d6 3. Nf3 Bg4 4. Nbd2 g6 5. h3 Bf5 6. Ng5 h6 7. g4 hxg5 8.
gxf5 gxf5 9. Qb3 Qc8 10. Bg2 c6 11. Nf1 Rg8 12. Ng3 f4 13. Ne4 Nxe4 14.
Bxe4 Nd7 15. h4 Nf6 16. Bc2 Bh6 17. hxg5 Bxg5 18. Bd2 d5 19. cxd5 Nxd5 20.
Be4 Qd7 21. Rh7 e6 22. Bxd5 cxd5 23. O-O-O Qc7+ 24. Kb1 Qb6 25. Qa4+ Ke7
26. Qa3+ Ke8 27. Qa4+ 1/2-1/2

[Event "OPEN DE GROS"]
[Site "?"]
[Date "2017.06.25"]
[Round "3.9"]
[White "Heliot, Xabi"]
[Black "Lazarev, Vladimir"]
[Result "1-0"]
[WhiteElo "2101"]
[BlackElo "2416"]
[LiveChessVersion "1.4.8"]

1. e4 c5 2. Nf3 e6 3. d4 cxd4 4. Nxd4 a6 5. Bd3 Ne7 6. O-O Nec6 7. Nxc6
Nxc6 8. c4 Bc5 9. Nc3 O-O 10. Qh5 d6 11. Kh1 e5 12. Nd5 Ne7 13. f4 Nxd5 14.
cxd5 exf4 15. Bxf4 Bd4 16. Bg5 Qd7 17. e5 g6 18. Qh4 Bxe5 19. Be7 Re8 20.
Rxf7 Kxf7 21. Qxh7+ Bg7 22. Rf1+ Qf5 23. Bxf5 Bxf5 24. Bxd6 Rad8 25. g4 Rh8
26. Rxf5+ gxf5 27. Qxf5+ Kg8 28. Be7 Ra8 29. d6 Rh6 30. d7 Rb6 31. b3 Rc6
32. Qd5+ Kh7 33. Qd3+ Kg8 34. d8=Q+ Rxd8 35. Bxd8 1-0

[Event "OPEN DE GROS"]
[Site "?"]
[Date "2017.06.25"]
[Round "3.10"]
[White "Martin Iribar, Ander"]
[Black "Andres Gonzalez, Ivan"]
[Result "1/2-1/2"]
[WhiteElo "2043"]
[BlackElo "2375"]
[LiveChessVersion "1.4.8"]

1. Nf3 Nf6 2. c4 g6 3. Nc3 Bg7 4. e4 d6 5. d4 O-O 6. Be2 c5 7. O-O Nc6 8.
d5 Na5 9. Rb1 a6 10. a3 Bg4 11. Nd2 Bxe2 12. Qxe2 Nd7 13. Nd1 b6 14. b4
cxb4 15. axb4 Nb7 16. Bb2 a5 17. Bxg7 Kxg7 18. Nf3 axb4 19. Rxb4 Qc7 20.
Nc3 Na5 21. Nb5 Qc5 22. Qb2+ Kg8 23. Rc1 Rac8 24. h4 Ne5 25. Nxe5 dxe5 26.
Na3 Nb7 27. Rb5 Qc7 28. Rxb6 Nc5 29. Qb1 Nxe4 30. Rb7 Qc5 31. Qxe4 Qxa3 32.
Rcb1 Rfe8 33. g3 Qc3 34. R1b4 Ra8 35. Kg2 Rec8 36. Rb3 Qc1 37. Rb1 Qxc4
1/2-1/2

[Event "OPEN DE GROS"]
[Site "?"]
[Date "2017.06.25"]
[Round "3.11"]
[White "Alonso Garcia, Rene Marcial"]
[Black "Toro, Guillermo"]
[Result "1-0"]
[WhiteElo "2358"]
[BlackElo "2060"]
[LiveChessVersion "1.4.8"]

1. c4 Nf6 2. Nc3 c6 3. e4 d5 4. exd5 cxd5 5. cxd5 Nxd5 6. Nf3 Nc6 7. Bc4
Nb6 8. Bb3 e6 9. d4 Be7 10. O-O O-O 11. Qd3 Nd5 12. Bc2 g6 13. a3 Nxc3 14.
bxc3 Bf6 15. Bh6 Re8 16. Rfe1 e5 17. dxe5 Qxd3 18. Bxd3 Nxe5 19. Nxe5 Be6
20. f4 Rac8 21. c4 Red8 22. Rad1 Bg7 23. Bxg7 Kxg7 24. Bf1 Re8 25. Nf3 Rf8
26. Rd4 Rc5 27. Ng5 Bf5 28. Re7 h6 29. Nf3 Ra5 30. Rxb7 Rxa3 31. Kf2 Rc8
32. Ne5 Be6 33. Rd6 Re8 34. c5 g5 35. Bb5 1-0

[Event "OPEN DE GROS"]
[Site "?"]
[Date "2017.06.25"]
[Round "3.12"]
[White "Gattegno, Laurent"]
[Black "Sos Andreu, Eric"]
[Result "0-1"]
[WhiteElo "1992"]
[BlackElo "2353"]
[LiveChessVersion "1.4.8"]

1. d4 Nf6 2. c4 g6 3. Nc3 d5 4. Nf3 Bg7 5. h4 c6 6. h5 Nxh5 7. cxd5 cxd5 8.
Rxh5 gxh5 9. Qb3 Nc6 10. Bf4 O-O 11. O-O-O Bf5 12. e3 Qd7 13. Nh4 Bg6 14.
Be2 Rac8 15. Rg1 e5 16. Nxg6 hxg6 17. dxe5 Bxe5 18. Bxe5 Nxe5 19. Rd1 Rfd8
20. f3 Nc4 21. e4 Ne3 22. Rd3 d4 23. Kb1 Qc7 0-1

[Event "OPEN DE GROS"]
[Site "?"]
[Date "2017.06.25"]
[Round "4.1"]
[White "Flear, Glenn C"]
[Black "Andres Gonzalez, Alberto"]
[Result "1/2-1/2"]
[WhiteElo "2455"]
[BlackElo "2518"]
[LiveChessVersion "1.4.8"]

1. d4 Nf6 2. c4 e6 3. Nc3 Bb4 4. e3 d5 5. Nf3 O-O 6. Bd3 b6 7. a3 Bxc3+ 8.
bxc3 dxc4 9. Bxc4 c5 10. O-O Qc7 11. Bd3 Bb7 12. Bb2 Nbd7 13. Re1 Ne4 14.
c4 Rae8 15. Nd2 Nd6 16. Qc2 f5 17. e4 cxd4 18. Bxd4 e5 19. Bb2 Nc5 20. exf5
e4 21. Bf1 Nxf5 22. a4 e3 23. fxe3 Nxe3 24. Qc3 Nxf1 25. Nxf1 Rxe1 26. Qxe1
Qf7 27. Ne3 Re8 28. Qg3 Ne4 29. Qh4 Nd2 30. Re1 h6 31. Qf2 Qxf2+ 32. Kxf2
Ne4+ 33. Kg1 Nc5 34. Bd4 Nxa4 35. Ra1 Bc6 36. Nf5 Re2 37. Bf2 Bd7 38. Nd4
Rb2 39. Nf3 Be8 40. h3 a5 41. Bd4 Rc2 42. Rb1 Bc6 43. Bxb6 Nc3 44. Re1 a4
45. Bc5 Ne2+ 46. Kf1 Nf4 47. Bd6 Nxg2 48. Re2 Rxc4 49. Kxg2 Rc3 50. Rf2 a3
51. h4 Bd5 52. Be5 Re3 53. Bd4 Rd3 54. Be5 a2 55. Kg3 Re3 56. Bd4 Rd3 57.
Be5 Rd1 58. Nd2 Re1 59. Bd4 a1=Q 60. Bxa1 Rxa1 61. Rf4 Rg1+ 62. Kf2 Rg2+
63. Ke3 Kh7 64. Rd4 Bc6 65. Rd6 Bb7 66. Rd7 Bc8 67. Rd6 Rh2 68. Rd4 Kg6 69.
Nf3 Rh3 70. Kf2 Bb7 71. Ne5+ Kf5 72. Nc4 Bc6 73. Ne3+ Ke5 74. Rg4 Rf3+ 75.
Ke2 Rf7 76. Nc4+ Kd5 77. Ne3+ Kc5 78. Kd3 Bf3 79. Rg3 Rd7+ 80. Kc3 Be4 81.
Nc4 Rc7 82. Nd2 Kd5+ 83. Kb4 Bf5 84. Rf3 Bg4 85. Rf4 h5 86. Nc4 Be6 87. Kc3
g6 88. Rd4+ Kc5 89. Ne5 Ra7 90. Nd3+ Kb5 91. Rb4+ Kc6 92. Ne5+ Kc5 93. Nd3+
Kc6 94. Ne5+ Kc5 95. Nd3+ Kc6 1/2-1/2

[Event "OPEN DE GROS"]
[Site "?"]
[Date "2017.06.25"]
[Round "4.3"]
[White "Oratovsky, Michael"]
[Black "Velten, Paul"]
[Result "1/2-1/2"]
[WhiteElo "2501"]
[BlackElo "2449"]
[LiveChessVersion "1.4.8"]

1. e4 c6 2. d4 d5 3. Nd2 dxe4 4. Nxe4 Nd7 5. Bc4 Ndf6 6. Nxf6+ Nxf6 7. c3
e6 8. Nf3 Be7 9. O-O O-O 10. Re1 c5 11. Be3 Qc7 12. dxc5 Bxc5 13. Bxc5 Qxc5
14. Qd4 Qxd4 15. Nxd4 Bd7 16. Rad1 Rac8 17. Bb3 Rfd8 18. f3 Rb8 19. Re2 Be8
20. Red2 g6 21. Kf2 1/2-1/2

[Event "OPEN DE GROS"]
[Site "?"]
[Date "2017.06.25"]
[Round "4.4"]
[White "Sos Andreu, Eric"]
[Black "Martinez Duany, Lelys Stanley"]
[Result "0-1"]
[WhiteElo "2353"]
[BlackElo "2494"]
[LiveChessVersion "1.4.8"]

1. d4 d5 2. c4 c6 3. cxd5 cxd5 4. Nc3 Nf6 5. Bf4 Nc6 6. e3 e6 7. Bd3 Be7 8.
h3 a6 9. Nf3 O-O 10. O-O b5 11. Rc1 Bb7 12. Qe2 Qa5 13. Nd2 Rfc8 14. Nb3
Qd8 15. Rfd1 Nd7 16. e4 Nb4 17. e5 Nxd3 18. Qxd3 b4 19. Na4 Bc6 20. Nac5
Nb6 21. Na5 Bxc5 22. Nxc6 Rxc6 23. Rxc5 Rxc5 24. dxc5 Nc4 25. Qd4 Rb8 26.
Rc1 Qc7 27. b3 Na5 28. Be3 Nc6 29. Qd3 Qa5 30. Qe2 Qb5 31. Qc2 d4 32. Bf4
Rd8 33. Qc4 Qxc4 34. Rxc4 a5 35. Kf1 f6 36. exf6 gxf6 37. Bd6 Kf7 38. f4
Rg8 39. Kf2 h5 40. g3 a4 41. bxa4 Ra8 42. Rc2 Rxa4 43. Re2 Ra3 44. Kg2 Rc3
45. g4 h4 46. Rf2 Rg3+ 47. Kh2 d3 0-1

[Event "OPEN DE GROS"]
[Site "?"]
[Date "2017.06.25"]
[Round "4.5"]
[White "Romero Holmes, Alfonso"]
[Black "Alonso Garcia, Rene Marcial"]
[Result "1/2-1/2"]
[WhiteElo "2438"]
[BlackElo "2358"]
[LiveChessVersion "1.4.8"]

1. d4 g6 2. e4 Bg7 3. c4 d6 4. Nc3 Nf6 5. Nge2 O-O 6. h3 a6 7. Ng3 c6 8.
Be3 b5 9. c5 dxc5 10. dxc5 Qxd1+ 11. Rxd1 Nfd7 12. Rc1 a5 13. Be2 Na6 14.
Nd1 Rd8 15. f4 e5 16. f5 Bf8 17. fxg6 hxg6 18. h4 Ndxc5 19. h5 Be6 20. hxg6
fxg6 21. Nf2 Rd7 1/2-1/2

[Event "OPEN DE GROS"]
[Site "?"]
[Date "2017.06.25"]
[Round "4.6"]
[White "Heliot, Xabi"]
[Black "Favarel, Antoine"]
[Result "0-1"]
[WhiteElo "2101"]
[BlackElo "2386"]
[LiveChessVersion "1.4.8"]

1. c4 e6 2. g3 d5 3. Bg2 Nf6 4. Nf3 d4 5. d3 c5 6. O-O Nc6 7. e3 Bd6 8. Na3
O-O 9. exd4 cxd4 10. Nc2 e5 11. Rb1 a5 12. Re1 Re8 13. a3 Bf5 14. Nh4 Bg4
15. Qd2 Qd7 16. b4 axb4 17. axb4 h6 18. c5 Bf8 19. Bb2 g5 20. Nf3 Qf5 21.
Nfxd4 exd4 22. Nxd4 Nxd4 23. Bxd4 Bf3 24. Bxf6 Qxf6 25. d4 Rxe1+ 26. Rxe1
Rd8 0-1